000 00372nam a22001457a 4500
003 OSt
005 20160727222346.0
008 160621b xxu||||| |||| 00| 0 eng d
040 _cTEST
100 _9266
_aHolt, J, A
245 _aCases and Application in Lotus -1-2-3
260 _aN.D
_b Galgotia
_c1996
300 _aCases and Application in Lotus -1-2-3
942 _2ddc
_cBK
999 _c214
_d214